000 00771nam a2200229Ia 4500
005 20250507130339.0
008 008 250505s9999 xx 000 0 eng d
020 _a0-8047-3768-I
037 _aAnnuals, Advances
040 _aEASL
_beng
_cEASL
041 _aeng
_2eng
084 _aV41:1942-N45, P1
_qEASL
100 _aBarrett David P. Ed.
_9665151
245 0 _aChinese collaboration with Japan,1932-1945: The limits of accommodation
260 _aUSA
_bStanfrod Stanfrod university press U.S.A
_c2001
300 _axiv,290P.
490 _vV.2
650 _aCEL; JEL; China - History; Collaborationists - China
_9755242
700 _aShyu Larry N. Ed.
_9665153
942 _cTEXL
_hV41:1942-N45, P1
999 _c1319147
_d1319147